000 00405nam a22001697a 4500
003 OSt
005 20260312145231.0
008 260312b |||||||| |||| 00| 0 eng d
040 _cFLL
041 _aENG
_dENG
100 _aCHATTERJEE , ISHITA
_91131876
245 _aWHITE COLLAR CRIME
250 _a1st
260 _aPRAYAGRAJ
_bCENTRAL LAW PUBLICATION
_c2023
300 _a250
942 _2CC
_cTB
_n0
999 _c1715257
_d1715257